00750nam a2200205 a 450000100100000000500170001000800410002702000150006804000250008308200150010810000290012324000410015224500960019326000500028930000360033949000160037583000230039195201130041499900170052700003656320200930075811.0120120s1991 ck d 000 0 spa d a9589042953 aDO-SdBNPbspacBNPHU axxxbC874m1 aCowell, Donald W.96282713aThe marketing of serviceslespañol10aMercadeo de servicios :bUn nuevo enfoque: Del operativo al perceptivo /cDonald W. Cowell. aBogotá, Colombia :bFondo editorial,c1991. aix, 354 p. :bdiagrs. ;c24 cm.1 aEmpresarial 0aEmpresarial962828 001050718MOaGRbGRcCTd2012-01-20iLF1l0oxxx C874mp36563-10r2020-06-25w2020-06-25y1ZNo se presta c36054d36054